Suicide Squad-All Members - Statistics

General Stats
  • This quiz has been taken 241 times
    232 since last reset
  • The average score is 25 of 131
Answer Stats
Names Status % Correct
Deadshot Deceased, later ressurected, then presumed dead, later revealed to be alive. (Suicide Squad (2011-2014))
95%
Harley Quinn Escapes, currently incarcerated in Belle Reve. (Suicide Squad (2011-2014))
95%
Captain Boomerang Leaves, later returns, leaves again, later returns, presumed deceased, later revealed to be alive. (Suicide Squad (2011-2014)). Deceased. (Suicide Squad (2016-present)).
85%
Killer Croc
83%
Rick Flag Jnr Deceased (Vol.1 (1897-1992))
75%
Enchantress
63%
King Shark Presumed Dead, secretly alive, currently presumed dead (Suicide Squad (2011-2014))
63%
Amanda Waller Alive
61%
El Diablo Leaves, then returns, then leaves again, currently incarcerated. (Suicide Squad (2011-2014))
59%
Katana
58%
Deathstroke Leaves. (New Suicide Squad (2014-2016))
55%
Killer Frost
50%
Slipknot Deceased (Vol.1 (1897-1992))
46%
Bronze Tiger
45%
Captain Cold
42%
Bane
41%
Poison Ivy
41%
Black Manta Currently incarcerated. (New Suicide Squad (2014-2016))
39%
Penguin
37%
Weasel
33%
Javelin Alive
31%
Black Spider Injured, returns and betrays squad, currently incarcerated (Suicide Squad (2011-2014))
30%
Blackguard
27%
Reverse-Flash Currently presumed dead. (New Suicide Squad (2014-2016))
26%
Cheetah Leaves. (Suicide Squad (2011-2014)). Released/Escaped from Belle Reve. (New Suicide Squad (2014-2016))
25%
Copperhead
25%
Savant Leaves, returns then leaves again.
25%
Count Vertigo
24%
Clock King
23%
Mirror Master
23%
Parasite Alive
23%
Solomon Grundy
22%
Thinker
22%
Black Adam
21%
Blockbuster Deceased (Vol.1 (1897-1992))
21%
Joker's Daughter Sent to Arkham Asylum. (New Suicide Squad (2014-2016))
19%
Plastique
19%
Punch Alive
19%
Nightshade
18%
Vixen
18%
Sportsmaster
17%
Atom
15%
Mongul Alive
15%
Cluemaster
14%
Doctor Light Deceased (Vol.1 (1897-1992))
14%
Chemo
13%
Icicle
13%
Jewelee Alive
13%
Nemesis Alive
13%
Shrapnel
13%
The General
13%
Yo-Yo Presumed dead, later revealed to be alive, returns to Belle Reve, currently deceased. (Suicide Squad (2011-2014))
13%
Light Leaves. (Suicide Squad (2011-2014))
12%
Speedy
12%
White Dragon
12%
Atom Smasher
11%
Black Orchid
11%
Duchess
11%
James Gordon Jr. Alive
11%
Karma
11%
Knockout Alive
11%
Lime Deceased. (Suicide Squad (2011-2014))
11%
Mindboggler
11%
Multiplex
11%
Oracle
11%
Psi
11%
Ravan
11%
Shade
11%
Briscoe
10%
Enforcer
10%
Hawkman Alive
10%
Manhunter
10%
Mr 104 Deceased (Vol.1 (1897-1992))
10%
Powergirl Presumed dead, later revealed to be alive, leaves. (Suicide Squad (2011-2014))
10%
The Writer
10%
Wildcat
10%
Windfall
10%
Big Sir
9%
Bolt
9%
Bulldozer
9%
Chronos
9%
Crowbar Alive
9%
Electrocutioner
9%
Eliza
9%
Firehawk
9%
Iceberg Leaves. (Suicide Squad (2011-2014))
9%
King Faraday
9%
Lady Liberty
9%
Mad Dog Deceased. (Suicide Squad (2016-present)).
9%
Major Victory
9%
Manchester Black
9%
Shrike Deceased (Vol.1 (1897-1992))
9%
Silver Swan
9%
Steel Presumed dead, later revealed to be alive, leaves. (Suicide Squad (2011-2014))
9%
The Unknown Soldier Presumed dead, later revealed to be alive. (Suicide Squad (2011-2014))
9%
Twister
9%
Voltaic Deceased, later resurrected, currently deceased. (Suicide Squad (2011-2014))
9%
Blackstarr
8%
Cameron Chase
8%
Catalyst
8%
Double Down
8%
Flex
8%
Frank Rock
8%
Havana
8%
Larvanaut
8%
Major Disaster
8%
Maser
8%
Modem
8%
Outlaw
8%
Persuader
8%
Plasmus
8%
Putty
8%
Quartzite
8%
Reactron
8%
Sidearm
8%
Sledge
8%
Tattooed Man
8%
Thermal
8%
Marauder
7%
Multiman
7%
Sam Makoa
7%
Schrek
7%
Silent Majority
7%
Star-Spangled Kid
7%
Superboy
7%
The Hunky Punk Deceased. (New Suicide Squad (2014-2016))
7%
Virtuoso
7%
Warrant Presumed dead, later revealed to be alive, currently presumed dead. (Suicide Squad (2011-2014))
7%
Yasemin Soze
7%
Karen Grace
4%
Velocity
3%
No matching quizzes found
Score Distribution
Percent of People with Each Score
Percentile by Number Answered
Your Score History
You have not taken this quiz since the last reset